BUSINESS AND INFORMATION SYSTEMS (Record no. 24198)
[ view plain ]
| 000 -LEADER | |
|---|---|
| fixed length control field | 00375nam a2200145Ia 4500 |
| 008 - FIXED-LENGTH DATA ELEMENTS--GENERAL INFORMATION | |
| fixed length control field | 240624s9999 xx 000 0 und d |
| 041 ## - LANGUAGE CODE | |
| Language code of text/sound track or separate title | eng |
| 082 ## - DEWEY DECIMAL CLASSIFICATION NUMBER | |
| Classification number | 658.4038 NIC |
| 100 ## - MAIN ENTRY--PERSONAL NAME | |
| Personal name | NICKERSON ROBERT C |
| 245 ## - TITLE STATEMENT | |
| Title | BUSINESS AND INFORMATION SYSTEMS |
| 250 ## - EDITION STATEMENT | |
| Edition statement | (2nd ed.) |
| 260 ## - PUBLICATION, DISTRIBUTION, ETC. | |
| Date of publication, distribution, etc. | 2009 |
| Place of publication, distribution, etc. | New Delhi |
| Name of publisher, distributor, etc. | PHI Learning |
| 300 ## - PHYSICAL DESCRIPTION | |
| Extent | xxv, : 494 : p. : cm. ; 25 |
| 365 ## - TRADE PRICE | |
| Currency code | RS |
| Withdrawn status | Lost status | Damaged status | Not for loan | Home library | Current library | Shelving location | Date acquired | Cost, normal purchase price | Full call number | Barcode | Date last seen | Copy number | Price effective from | Koha item type |
|---|---|---|---|---|---|---|---|---|---|---|---|---|---|---|
| IMTN | IMTN | Rack 29-A | 05/16/2015 | 450.00 | 658.4038 NIC | 24198 | 06/24/2024 | 1 | 06/24/2024 | Books |